Giáo trình kế toán tài chính trong các doanh nghiệp

Trình bày phương pháp hạch toán tài sản cố định, nguyên vật liệu và công cụ, dụng cụ, tiền lương, chi phí sản xuất kinh doanh, thành phẩm, vốn, lợi nhuận. Phương pháp lập báo cáo tài chính. Đặc điểm kế toán trong từng đơn vị đặc thù...

Descrición completa

Gardado en:
Detalles Bibliográficos
Autor Principal: Đặng, Thị Loan
Formato: Libro
Idioma:Undetermined
Publicado: Hà Nội Đại học Kinh tế Quốc dân 2009
Những chủ đề:
Các nhãn: Engadir etiqueta
Sen Etiquetas, Sexa o primeiro en etiquetar este rexistro!
Thư viện lưu trữ: Trung tâm Học liệu Trường Đại học Cần Thơ
LEADER 01025nam a2200217Ia 4500
001 CTU_163330
008 210402s9999 xx 000 0 und d
020 |c 68000 
082 |a 657.8333 
082 |b L406 
100 |a Đặng, Thị Loan 
245 0 |a Giáo trình kế toán tài chính trong các doanh nghiệp 
245 0 |c Chủ biên Đặng Thị Loan 
260 |a Hà Nội 
260 |b Đại học Kinh tế Quốc dân 
260 |c 2009 
520 |a Trình bày phương pháp hạch toán tài sản cố định, nguyên vật liệu và công cụ, dụng cụ, tiền lương, chi phí sản xuất kinh doanh, thành phẩm, vốn, lợi nhuận. Phương pháp lập báo cáo tài chính. Đặc điểm kế toán trong từng đơn vị đặc thù 
650 |a Finance,Tài chính 
650 |x Accounting,Kế toán 
904 |i Trọng Hiếu 
980 |a Trung tâm Học liệu Trường Đại học Cần Thơ